| 000 | 00637nam a2200205 a 4500 | ||
|---|---|---|---|
| 999 |
_c5050 _d5050 |
||
| 003 | BD-JhCC | ||
| 005 | 20171207170604.0 | ||
| 008 | 171207s1980 b |||| |||| 00| 0 ben d | ||
| 035 | _a(BD-JhCC) | ||
| 040 |
_aBD-JhCC _dBD-JhCC |
||
| 041 | _aben | ||
| 082 |
_a953 _bKAR 1980 |
||
| 100 | _aরেজা-ই-করীম, মুহন্মদ | ||
| 245 |
_aআরব জাতির ইতিহাস / _cমুহন্মদ রেজা-ই-করীম |
||
| 260 |
_aঢাকা : _bবাংলা একাডেমী, _c১৯৮০ |
||
| 300 |
_a595 p. : _c22cm. |
||
| 650 | _aArabs | ||
| 942 |
_2ddc _cBK |
||